[Event "Czech-ch U18-20 Open 2022"]
[Site "Spindleruv Mlyn"]
[Date "2022.03.16"]
[Round "8.5"]
[White "Vojta, Jakub"]
[Black "Babula, Vlastimil"]
[Result "1-0"]
[WhiteElo "2406"]
[BlackElo "2558"]
[Annotator "TA"]
[PlyCount "109"]
[EventDate "2022.03.10"]
[EventType "tourn"]
[EventCountry "CZE"]
[SourceTitle "playchess.com"]
[Source "ChessBase"]
[SourceQuality "1"]

{[%evp 9,109,19,17,16,14,2,6,0,0,0,7,-10,19,13,119,120,115,86,97,91,89,64,113,50,109,88,102,116,98,86,158,145,138,97,113,68,79,77,72,87,81,80,159,162,225,231,222,211,220,146,208,200,199,171,249,128,121,110,109,101,138,137,136,38,40,0,0,0,82,84,341,325,458,454,453,423,1462,1563,12837,12837,12839,12839,12840,12840,12841,12841,12841,12842,12842,12842,12844,12844,12845,12845,12850,27999,27999,27999,27999,27999,27999,27999]} 1. Nf3 Nf6 2. b3 g6 3. Bb2 Bg7 4. g3 d6 5. d4 b5 6. Bg2 {[%cal Of3e5] A49: 1 d4 Nf6 2 Nf3 g6 3 g3: Anti-King's Indian systems.} Bb7 7. O-O O-O 8. c4 {The position is equal.} bxc4 9. bxc4 Nbd7 {[#]} 10. Qc2 $146 ({Predecessor:} 10. Nbd2 e6 11. Qc2 c5 12. Rab1 Qc7 13. e3 Rab8 14. Ba1 Bc6 15. Bc3 h6 16. Rfd1 Rxb1 17. Rxb1 {0-1 (45) Tari,A (2649)-Khanin,S (2521) Chess.com INT 2021}) 10... Nb6 11. Nbd2 d5 (11... c5 $11) 12. cxd5 $16 Nfxd5 13. a3 {To avoid Nb4} Rc8 {[%cal Oc7c5]} 14. Ne4 Nd7 {[%cal Oc7c5]} 15. Rac1 e6 (15... N5f6 $14 {is superior.} 16. Nxf6+ exf6) 16. Nfd2 ({White should try} 16. Rfd1 $16) 16... N5b6 {[#]} (16... f5 $14) 17. Nf6+ $1 {[%mdl 512]} Nxf6 18. Bxb7 Rb8 19. Bg2 (19. Qxc7 $2 Qxc7 20. Rxc7 Ne8 $19) 19... Ne8 ({Better is} 19... Nfd5) 20. Rfd1 Nd6 21. Rb1 ({Much worse is} 21. Qxc7 $6 Qxc7 22. Rxc7 Nb5 $11) (21. e3 $142) 21... Qe7 22. Qc6 (22. e3 $16) 22... Rfc8 23. e3 Qd7 24. Rdc1 Qxc6 25. Bxc6 Kf8 (25... Nd5 $142) 26. a4 Ke7 (26... Kg8 $142 27. Ba3 Bh6) 27. Ba3 $18 {Hoping for a5. A strong pair of Bishops.} Kd8 28. Bc5 a6 29. Nf3 f6 (29... Nbc4 $16) 30. Nd2 Bf8 31. e4 Nd7 (31... Bh6 $142) 32. Ba7 ({White has to play} 32. Nb3 $1 $18) 32... Rxb1 $16 33. Rxb1 Ke7 34. f4 {Threatens to win with e5.} Rd8 35. e5 $1 Nc8 36. Rb7 {White is much more active. Black has bad knights.} (36. exf6+ $1 $16 Kxf6 37. Ne4+ Kf5 38. Bb8) 36... fxe5 $14 37. Ne4 ({Worse is} 37. Rxc7 Kd6 38. Rxd7+ Rxd7 39. Bxd7 Nxa7 $17) 37... Nxa7 38. Rxa7 exd4 (38... exf4 $1 $11 {keeps the balance.} 39. gxf4 Bh6 40. Rxc7 Bxf4) 39. Rxc7 $16 {And now Kf2 would win.} e5 $2 {[%mdl 8192] Black cannot hold the game after this.} (39... Bg7 $16) 40. fxe5 $18 {[%cal Bf4e5,Be5f6][%mdl 32]} d3 (40... Bg7 {keeps fighting.} 41. e6 Kxe6) 41. Kf2 Bg7 {[#]} 42. Nf6 $1 Bxf6 (42... d2 $142 43. Bxd7 Bxf6 44. Bg4+ (44. exf6+ $2 Kd6 $19) 44... Kf8) 43. Rxd7+ Rxd7 44. exf6+ Kd6 45. Bxd7 Kxd7 {[%mdl 4096] Endgame KP-KP} 46. Ke3 Ke6 47. Kxd3 Kxf6 {K3P-K3P} 48. Kc4 Kf5 49. a5 {[%cal Ba4a5,Ba5a6,Ba6a7][%mdl 32]} Kg4 {[#]} 50. Kc5 $1 Kh3 51. Kb6 Kxh2 52. Kxa6 Kxg3 {White mates.} 53. Kb5 h5 54. a6 h4 55. a7 {Weighted Error Value: White=0.17 (very precise) /Black=0.35} 1-0

[Event "Czech-ch U18-20 Open 2022"]
[Site "Spindleruv Mlyn"]
[Date "2022.03.16"]
[Round "8.6"]
[White "Svanda, Ondrej"]
[Black "Gloser, David"]
[Result "1/2-1/2"]
[WhiteElo "2303"]
[BlackElo "2238"]
[Annotator "TA"]
[PlyCount "72"]
[EventDate "2022.03.10"]
[EventType "tourn"]
[EventCountry "CZE"]
[SourceTitle "playchess.com"]
[Source "ChessBase"]
[SourceQuality "1"]

{[%evp 16,72,11,-17,4,-37,-41,-70,-68,-50,-32,-64,-56,-58,-65,-60,-63,-70,-51,-71,-56,-72,-45,-73,-52,-42,-42,-42,-42,-39,-37,-37,-33,-52,-39,-81,0,-89,-119,-95,-105,-93,-114,-116,-129,-116,-80,-164,-186,-215,-205,-247,-147,-133,0,-243,0,-142,0]} 1. Nf3 d5 2. g3 Nf6 3. Bg2 e6 4. c4 d4 5. e3 c5 6. exd4 cxd4 7. O-O Nc6 8. d3 Bd6 9. b3 O-O {A13: English Opening: 1...e6.} 10. Bb2 (10. Re1 $11 {was preferrable.}) 10... e5 $15 11. a3 a5 $1 {Black is slightly better.} 12. Nbd2 Re8 13. Re1 Bf5 14. Qc2 Nd7 15. Ne4 {[#]} Be7 $146 ({Predecessor:} 15... Bf8 16. Nfd2 Rc8 17. c5 b6 18. cxb6 Nxb6 19. Nc4 Be6 20. Qd2 f6 21. f4 exf4 22. gxf4 {½-½ (95) Urazayev,A (2453)-Ovchinnikov,V (2426) Chess.com INT 2021}) 16. h3 Bg6 17. g4 h5 18. Nfd2 Nf8 19. Nf1 Qd7 20. Qd1 h4 21. Nh2 Ne6 22. Bc1 $1 Rf8 23. Bd2 f5 24. gxf5 Rxf5 25. Qg4 {[#]} (25. Ng4 $15 {might be stronger.}) 25... Nf8 (25... Nf4 $1 $17 {And now ...Bh5 would win.} 26. Qf3 (26. Bxf4 $2 Bh5 $19) 26... Raf8) 26. Bg5 {[#]} (26. Qe2 $11 {keeps the balance.}) 26... Rxg5 $1 $17 27. Nxg5 Qxg4 28. Nxg4 Bxg5 {This bishop pair is nice.} 29. Nxe5 Nxe5 30. Rxe5 Bf6 31. Rb5 (31. Bxb7 $17 Bxe5 32. Bxa8) 31... Bxd3 $19 32. Bxb7 {[#]} Rd8 33. Rd5 Rb8 (33... Rd7 $19 34. Rxd7 Nxd7) 34. Rb5 $17 Rd8 (34... Kh8 $17 35. Re1 Ng6 36. Rh5+ Kg8) 35. Rd5 $1 $19 Rb8 (35... Rd7 $19 36. Bc6 Rc7) 36. Rb5 $17 {Threatens to win with Bd5+.} Rd8 {Weighted Error Value: White=0.17 (very precise) /Black=0.23 (precise)} ({Black should try} 36... Kh8 $17 37. Re1 g6) 1/2-1/2

[Event "Czech-ch U18-20 Open 2022"]
[Site "Spindleruv Mlyn"]
[Date "2022.03.17"]
[Round "9.1"]
[White "Gloser, David"]
[Black "Mica, Marek"]
[Result "0-1"]
[WhiteElo "2238"]
[BlackElo "2272"]
[Annotator "ChessBase"]
[PlyCount "86"]
[EventDate "2022.03.10"]
[EventType "tourn"]
[EventCountry "CZE"]
[SourceTitle "playchess.com"]
[Source "ChessBase"]
[SourceQuality "1"]
[TimeControl "40/5400+30:1800+30"]

1. e4 {[%emt 0:00:03]} c6 {[%emt 0:00:05]} 2. d4 {[%emt 0:00:04]} d5 {[%emt 0:00:03]} 3. e5 {[%emt 0:00:03]} Bf5 {[%emt 0:00:05]} 4. h4 {[%emt 0:00:03]} h5 {[%emt 0:00:05]} 5. Bg5 {[%emt 0:00:03]} Qb6 {[%emt 0:03:00]} 6. Bd3 {[%emt 0:00:06]} Bxd3 {[%emt 0:00:31]} 7. Qxd3 {[%emt 0:00:05]} e6 {[%emt 0:01:19]} 8. Nd2 {[%emt 0:00:34]} c5 {[%emt 0:00:07]} 9. c4 {[%emt 0:04:04]} Qxb2 {[%emt 0:00:07]} 10. Rd1 {[%emt 0:02:27]} Nc6 {[%emt 0:00:27]} 11. cxd5 {[%emt 0:05:57]} Qxd4 {[%emt 0:06:00]} 12. Qxd4 {[%emt 0:05:47]} Nxd4 {[%emt 0:00:15]} 13. dxe6 {[%emt 0:03:17]} Nxe6 {[%emt 0:00:46]} 14. Ne4 {[%emt 0:03:19]} Be7 {[%emt 0:01:51]} 15. Nf3 {[%emt 0:14:07]} Nh6 {[%emt 0:01:21]} 16. O-O {[%emt 0:08:45]} Nf5 {[%emt 0:02:51]} 17. Rd5 {[%emt 0:03:23]} b6 {[%emt 0:04:29]} 18. Nf6+ {[%emt 0:00:57]} Bxf6 {[%emt 0:07:22]} 19. exf6 {[%emt 0:01:44]} g6 {[%emt 0:00:35]} 20. Re1 {[%emt 0:01:46]} O-O {[%emt 0:03:22]} 21. Ne5 {[%emt 0:02:23]} Rfd8 {[%emt 0:07:42]} 22. Rxd8+ {[%emt 0:03:36]} Rxd8 {[%emt 0:08:48]} 23. Nxg6 {[%emt 0:00:52]} Nxg5 {[%emt 0:00:10]} 24. Ne7+ {[%emt 0:00:14]} Nxe7 {[%emt 0:00:06]} 25. fxe7 {[%emt 0:00:07]} Nh3+ {[%emt 0:02:18]} 26. gxh3 {[%emt 0:05:56]} Re8 {[%emt 0:00:11]} 27. Re5 {[%emt 0:01:19]} Kg7 {[%emt 0:01:40]} 28. Rxh5 {[%emt 0:01:03]} Rxe7 {[%emt 0:00:07]} 29. Kf1 {[%emt 0:00:22]} c4 {[%emt 0:02:06]} 30. Rb5 {[%emt 0:05:27]} c3 {[%emt 0:01:20]} 31. Rb1 {[%emt 0:01:34]} Kg6 {[%emt 0:00:25]} 32. Rc1 {[%emt 0:00:49]} Rc7 {[%emt 0:00:07]} 33. Ke2 {[%emt 0:00:18]} Kh5 {[%emt 0:00:10]} 34. f4 {[%emt 0:01:07]} f5 {[%emt 0:01:18]} 35. Kd3 {[%emt 0:00:30]} c2 {[%emt 0:03:42]} 36. Rxc2 {[%emt 0:01:14]} Rxc2 {[%emt 0:00:05]} 37. Kxc2 {[%emt 0:00:03]} Kxh4 {[%emt 0:00:05]} 38. Kc3 {[%emt 0:00:22]} Kxh3 {[%emt 0:00:07]} 39. Kc4 {[%emt 0:00:16]} Kg4 {[%emt 0:00:13]} 40. Kb5 {[%emt 0:00:12]} Kxf4 {[%emt 0:00:13]} 41. Ka6 {[%emt 0:30:05]} Ke5 {[%emt 0:30:22]} 42. Kxa7 {[%emt 0:00:11]} b5 {[%emt 0:00:33]} 43. a4 {[%emt 0:00:40]} bxa4 {[%emt 0:00:07]} 0-1

[Event "Czech-ch U18-20 Open 2022"]
[Site "Spindleruv Mlyn"]
[Date "2022.03.17"]
[Round "9.2"]
[White "Babula, Vlastimil"]
[Black "Svanda, Ondrej"]
[Result "0-1"]
[WhiteElo "2558"]
[BlackElo "2303"]
[Annotator "TA"]
[PlyCount "46"]
[EventDate "2022.03.10"]
[EventType "tourn"]
[EventCountry "CZE"]
[SourceTitle "playchess.com"]
[Source "ChessBase"]
[SourceQuality "1"]

{[%evp 9,46,0,0,0,0,-18,5,-30,-40,-39,-6,-6,-4,-4,0,0,0,0,-8,-29,-25,-21,-9,-12,0,-8,53,0,66,40,48,0,0,-696,-667,-1100,-1094,-1072,-1062]} 1. d4 Nf6 2. Nc3 d5 3. Bf4 Bf5 4. f3 h6 5. g4 Bg6 6. e3 {D00: 1 d4 d5: Unusual lines.} e6 7. h4 a6 8. h5 {The position is equal.} Bh7 9. Bd3 Bxd3 10. cxd3 c5 11. dxc5 Bxc5 12. d4 Bd6 13. Nge2 $36 {[%mdl 2048] White is more active.} Nc6 {[#]} 14. Qd3 $146 ({Predecessor:} 14. Bxd6 Qxd6 15. Nf4 Rc8 16. Kf2 O-O 17. Rc1 Rfe8 18. Qd2 e5 19. dxe5 Rxe5 20. Rcd1 {1-0 (45) Naroditsky,D (2610)-Kovalev,D (2487) Chess.com INT 2019}) 14... Rc8 15. Kf2 Bxf4 16. exf4 Qb6 17. Rad1 Ng8 ({Don't play} 17... Qxb2 18. Rb1 Qa3 19. Rxb7 $14) (17... O-O $11) 18. f5 (18. Qe3 $1 $14) 18... Nge7 (18... Qxb2 $2 19. fxe6 Nge7 20. exf7+ Kxf7 {[#]} 21. Nxd5 $1 {[%mdl 512]} Qxa2 22. Ndc3 $18) (18... Ne5 $11 19. Qc2 Nf6) 19. fxe6 fxe6 {...Ne5 is the strong threat.} 20. Nf4 (20. Qe3 $14) 20... O-O 21. Nxe6 {[%mdl 8192]} (21. Qe3 $11) 21... Ne5 $1 $19 {[%mdl 64] [#] Discovered Attack, Double Attack. Black is clearly winning.} 22. Nxf8 Nxd3+ 23. Rxd3 Qxb2+ {Weighted Error Value: White=0.78/Black=0.17 (very precise)} 0-1

[Event "Czech-ch U18-20 Open 2022"]
[Site "Spindleruv Mlyn"]
[Date "2022.03.17"]
[Round "9.3"]
[White "Lajbl, Jan"]
[Black "Vojta, Jakub"]
[Result "1/2-1/2"]
[WhiteElo "2218"]
[BlackElo "2406"]
[Annotator "ChessBase"]
[PlyCount "79"]
[EventDate "2022.03.10"]
[EventType "tourn"]
[EventCountry "CZE"]
[SourceTitle "playchess.com"]
[Source "ChessBase"]
[SourceQuality "1"]
[TimeControl "40/5400+30:1800+30"]

1. e4 {[%emt 0:03:14]} e6 {[%emt 0:00:04]} 2. d4 {[%emt 0:00:21]} d5 {[%emt 0:00:05]} 3. Nd2 {[%emt 0:00:35]} Nf6 {[%emt 0:00:05]} 4. e5 {[%emt 0:00:03]} Nfd7 {[%emt 0:00:05]} 5. c3 {[%emt 0:00:07]} c5 {[%emt 0:00:05]} 6. f4 {[%emt 0:00:02]} Nc6 {[%emt 0:00:20]} 7. Ndf3 {[%emt 0:00:05]} Qb6 {[%emt 0:00:50]} 8. a3 {[%emt 0:00:43]} cxd4 {[%emt 0:05:03]} 9. cxd4 {[%emt 0:00:06]} a5 {[%emt 0:00:58]} 10. b3 {[%emt 0:00:06]} Be7 {[%emt 0:05:43]} 11. h4 {[%emt 0:00:05]} f5 {[%emt 0:17:26]} 12. h5 {[%emt 0:08:31]} O-O {[%emt 0:02:44]} 13. Bb2 {[%emt 0:11:51]} Ndb8 {[%emt 0:04:24]} 14. Bd3 {[%emt 0:03:53]} Na6 {[%emt 0:02:43]} 15. Nh3 {[%emt 0:08:33]} Nc7 {[%emt 0:02:24]} 16. a4 {[%emt 0:20:58]} Nb4 {[%emt 0:01:38]} 17. Be2 {[%emt 0:01:30]} Bd7 {[%emt 0:01:40]} 18. O-O {[%emt 0:01:04]} Rac8 {[%emt 0:01:18]} 19. Qd2 {[%emt 0:02:34]} Nca6 {[%emt 0:00:01]} 20. Rac1 {[%emt 0:02:34]} Rc6 {[%emt 0:00:28]} 21. Rxc6 {[%emt 0:01:58]} bxc6 {[%emt 0:00:56]} 22. Bc3 {[%emt 0:02:33]} Rc8 {[%emt 0:00:56]} 23. Rc1 {[%emt 0:01:31]} c5 {[%emt 0:02:08]} 24. Kh2 {[%emt 0:01:38]} h6 {[%emt 0:11:51]} 25. dxc5 {[%emt 0:05:29]} Bxc5 {[%emt 0:00:56]} 26. Nd4 {[%emt 0:02:57]} Kh8 {[%emt 0:04:03]} 27. Ng1 {[%emt 0:01:46]} Nb8 {[%emt 0:03:02]} 28. Ngf3 {[%emt 0:03:08]} N8c6 {[%emt 0:00:29]} 29. Bb5 {[%emt 0:03:10]} Bxd4 {[%emt 0:07:10]} 30. Bxd4 {[%emt 0:00:58]} Nxd4 {[%emt 0:00:10]} 31. Qxd4 {[%emt 0:02:34]} Qxd4 {[%emt 0:11:09]} 32. Rxc8+ {[%emt 0:00:03]} Bxc8 {[%emt 0:00:04]} 33. Nxd4 {[%emt 0:00:03]} Kg8 {[%emt 0:00:23]} 34. g4 {[%emt 0:02:16]} fxg4 {[%emt 0:00:44]} 35. Kg3 {[%emt 0:00:04]} Kf7 {[%emt 0:00:36]} 36. Kxg4 {[%emt 0:00:43]} Ke7 {[%emt 0:01:35]} 37. Kf3 {[%emt 0:03:51]} Kf7 {[%emt 0:05:15]} 38. Kg4 {[%emt 0:02:26]} Ke7 {[%emt 0:00:28]} 39. Kf3 {[%emt 0:00:03]} Kf7 {[%emt 0:00:04]} 40. Kg4 {[%emt 0:05:40]} 1/2-1/2

[Event "Czech-ch U18-20 Open 2022"]
[Site "Spindleruv Mlyn"]
[Date "2022.03.17"]
[Round "9.4"]
[White "Stalmach, Richard"]
[Black "Mladek, Richard"]
[Result "0-1"]
[WhiteElo "2302"]
[BlackElo "2374"]
[Annotator "ChessBase"]
[PlyCount "86"]
[EventDate "2022.03.10"]
[EventType "tourn"]
[EventCountry "CZE"]
[SourceTitle "playchess.com"]
[Source "ChessBase"]
[SourceQuality "1"]
[TimeControl "40/5400+30:1800+30"]

1. d4 {[%emt 0:00:02]} d5 {[%emt 0:00:05]} 2. c4 {[%emt 0:00:22]} e6 {[%emt 0:00:06]} 3. Nc3 {[%emt 0:00:17]} a6 {[%emt 0:00:06]} 4. cxd5 {[%emt 0:01:40]} exd5 {[%emt 0:00:01]} 5. Qb3 {[%emt 0:00:30]} Bd6 {[%emt 0:00:49]} 6. Qxd5 {[%emt 0:04:09]} Nf6 {[%emt 0:02:50]} 7. Qb3 {[%emt 0:05:58]} c5 {[%emt 0:00:24]} 8. dxc5 {[%emt 0:05:11]} Bxc5 {[%emt 0:00:55]} 9. e3 {[%emt 0:01:38]} Nc6 {[%emt 0:03:09]} 10. Be2 {[%emt 0:13:03]} Be6 {[%emt 0:04:24]} 11. Qd1 {[%emt 0:02:32]} Qc7 {[%emt 0:22:56]} 12. Nf3 {[%emt 0:01:47]} Rd8 {[%emt 0:10:52]} 13. Bd2 {[%emt 0:01:08]} O-O {[%emt 0:04:55]} 14. O-O {[%emt 0:01:54]} Ba7 {[%emt 0:01:15]} 15. Rc1 {[%emt 0:03:16]} Bb8 {[%emt 0:01:15]} 16. g3 {[%emt 0:03:27]} Bg4 {[%emt 0:03:35]} 17. Ng5 {[%emt 0:15:32]} Bf5 {[%emt 0:01:59]} 18. Nf3 {[%emt 0:05:35]} Qe7 {[%emt 0:03:07]} 19. Qa4 {[%emt 0:03:12]} Ne5 {[%emt 0:07:33]} 20. Nd4 {[%emt 0:03:00]} Bh3 {[%emt 0:00:06]} 21. Rfd1 {[%emt 0:00:06]} Rd6 {[%emt 0:06:34]} 22. Be1 {[%emt 0:02:05]} b5 {[%emt 0:01:15]} 23. Qc2 {[%emt 0:04:04]} Qb7 {[%emt 0:00:05]} 24. f3 {[%emt 0:01:09]} Rc8 {[%emt 0:02:03]} 25. Qb1 {[%emt 0:06:13]} Rxd4 {[%emt 0:05:56]} 26. Ne4 {[%emt 0:03:38]} Rxc1 {[%emt 0:02:25]} 27. Rxd4 {[%emt 0:00:57]} Rc8 {[%emt 0:06:22]} 28. Nxf6+ {[%emt 0:00:04]} gxf6 {[%emt 0:00:04]} 29. Rh4 {[%emt 0:00:19]} h5 {[%emt 0:03:01]} 30. Rxh5 {[%emt 0:01:16]} Be6 {[%emt 0:01:04]} 31. Qh7+ {[%emt 0:02:06]} Kf8 {[%emt 0:00:00]} 32. Bb4+ {[%emt 0:00:06]} Ke8 {[%emt 0:00:04]} 33. Qh8+ {[%emt 0:00:03]} Kd7 {[%emt 0:00:04]} 34. Qxf6 {[%emt 0:00:03]} Rc1+ {[%emt 0:01:47]} 35. Kf2 {[%emt 0:01:10]} Qd5 {[%emt 0:01:15]} 36. Rh8 {[%emt 0:02:06]} Nc6 {[%emt 0:00:31]} 37. Ba5 {[%emt 0:03:17]} Bc7 {[%emt 0:04:43]} 38. Bc3 {[%emt 0:00:01]} Bb6 {[%emt 0:00:15]} 39. a3 {[%emt 0:04:19]} Rc2 {[%emt 0:00:02]} 40. Kf1 {[%emt 0:02:18]} Bxe3 {[%emt 0:00:14]} 41. h3 {[%emt 0:04:40]} Qc4 {[%emt 0:00:48]} 42. Bxc4 {[%emt 0:02:44]} Bxc4+ {[%emt 0:00:06]} 43. Ke1 {[%emt 0:00:03]} Rc1# {[%emt 0:33:00]} 0-1

[Event "Czech-ch U18-20 Open 2022"]
[Site "Spindleruv Mlyn"]
[Date "2022.03.17"]
[Round "9.5"]
[White "Kusa, Jakub"]
[Black "Ocelak, Jakub"]
[Result "1-0"]
[WhiteElo "2298"]
[BlackElo "2053"]
[Annotator "ChessBase"]
[PlyCount "39"]
[EventDate "2022.03.10"]
[EventType "tourn"]
[EventCountry "CZE"]
[SourceTitle "playchess.com"]
[Source "ChessBase"]
[SourceQuality "1"]
[TimeControl "40/5400+30:1800+30"]

1. d4 {[%emt 0:00:03]} Nf6 {[%emt 0:00:29]} 2. Nf3 {[%emt 0:00:07]} b6 {[%emt 0:00:04]} 3. c4 {[%emt 0:00:53]} e6 {[%emt 0:00:12]} 4. g3 {[%emt 0:00:37]} Bb7 {[%emt 0:00:06]} 5. Bg2 {[%emt 0:00:29]} Be7 {[%emt 0:00:24]} 6. O-O {[%emt 0:01:02]} O-O {[%emt 0:00:19]} 7. Nc3 {[%emt 0:00:19]} Ne4 {[%emt 0:01:39]} 8. Qc2 {[%emt 0:00:32]} Nxc3 {[%emt 0:00:58]} 9. bxc3 {[%emt 0:00:12]} f5 {[%emt 0:11:34]} 10. d5 {[%emt 0:01:51]} Na6 {[%emt 0:08:37]} 11. Nd4 {[%emt 0:05:56]} Nc5 {[%emt 0:03:04]} 12. Ba3 {[%emt 0:07:07]} Qc8 {[%emt 0:05:59]} 13. Rad1 {[%emt 0:04:38]} g6 {[%emt 0:07:10]} 14. e4 {[%emt 0:08:04]} Re8 {[%emt 0:08:20]} 15. e5 {[%emt 0:09:48]} Bf8 {[%emt 0:04:30]} 16. Rfe1 {[%emt 0:00:47]} a6 {[%emt 0:04:26]} 17. Re2 {[%emt 0:11:33]} b5 {[%emt 0:05:17]} 18. Bxc5 {[%emt 0:02:59]} Bxc5 {[%emt 0:00:09]} 19. dxe6 {[%emt 0:00:54]} dxe6 {[%emt 0:01:52]} 20. Nc6 {[%emt 0:00:37]} 1-0

[Event "Czech-ch U18-20 Open 2022"]
[Site "Spindleruv Mlyn"]
[Date "2022.03.17"]
[Round "9.6"]
[White "Hlavina, Matous"]
[Black "Frank, Adam"]
[Result "0-1"]
[WhiteElo "2112"]
[BlackElo "2270"]
[Annotator "ChessBase"]
[PlyCount "106"]
[EventDate "2022.03.10"]
[EventType "tourn"]
[EventCountry "CZE"]
[SourceTitle "playchess.com"]
[Source "ChessBase"]
[SourceQuality "1"]
[TimeControl "40/5400+30:1800+30"]

1. Nf3 {[%emt 0:00:10]} g6 {[%emt 0:02:13]} 2. g3 {[%emt 0:04:46]} Bg7 {[%emt 0:00:15]} 3. d4 {[%emt 0:00:21]} Nf6 {[%emt 0:03:57]} 4. Bg2 {[%emt 0:00:38]} O-O {[%emt 0:00:08]} 5. b3 {[%emt 0:00:08]} c5 {[%emt 0:04:07]} 6. Bb2 {[%emt 0:01:07]} cxd4 {[%emt 0:05:51]} 7. Nxd4 {[%emt 0:01:20]} e5 {[%emt 0:03:26]} 8. Nb5 {[%emt 0:02:54]} Qa5+ {[%emt 0:00:48]} 9. N5c3 {[%emt 0:00:36]} d5 {[%emt 0:02:39]} 10. O-O {[%emt 0:01:08]} e4 {[%emt 0:06:59]} 11. e3 {[%emt 0:01:57]} Ng4 {[%emt 0:11:47]} 12. Qc1 {[%emt 0:06:09]} Nc6 {[%emt 0:01:35]} 13. Ne2 {[%emt 0:03:44]} Nge5 {[%emt 0:01:08]} 14. Nd4 {[%emt 0:01:59]} Bg4 {[%emt 0:02:27]} 15. h3 {[%emt 0:13:44]} Nxd4 {[%emt 0:03:07]} 16. Bxd4 {[%emt 0:00:27]} Nf3+ {[%emt 0:02:45]} 17. Bxf3 {[%emt 0:02:18]} Bxd4 {[%emt 0:00:04]} 18. exd4 {[%emt 0:00:44]} Bxf3 {[%emt 0:00:04]} 19. Nd2 {[%emt 0:06:27]} Be2 {[%emt 0:02:23]} 20. Re1 {[%emt 0:00:10]} Bb5 {[%emt 0:00:04]} 21. c4 {[%emt 0:05:15]} Rac8 {[%emt 0:00:12]} 22. Qd1 {[%emt 0:03:51]} Bd7 {[%emt 0:00:31]} 23. Kh2 {[%emt 0:02:41]} f5 {[%emt 0:03:19]} 24. f4 {[%emt 0:03:29]} Qc3 {[%emt 0:01:05]} 25. Nf1 {[%emt 0:03:11]} dxc4 {[%emt 0:00:11]} 26. Rc1 {[%emt 0:02:52]} Qb4 {[%emt 0:00:13]} 27. Ne3 {[%emt 0:01:31]} cxb3 {[%emt 0:01:46]} 28. Qxb3+ {[%emt 0:00:35]} Qxb3 {[%emt 0:00:05]} 29. axb3 {[%emt 0:00:06]} Kf7 {[%emt 0:07:17]} 30. Kg2 {[%emt 0:01:56]} Rfd8 {[%emt 0:06:24]} 31. Nc4 {[%emt 0:02:22]} Ke6 {[%emt 0:04:38]} 32. Kf2 {[%emt 0:01:55]} Bc6 {[%emt 0:02:35]} 33. Ke3 {[%emt 0:01:03]} Bd5 {[%emt 0:00:02]} 34. Nd2 {[%emt 0:01:21]} a5 {[%emt 0:00:07]} 35. g4 {[%emt 0:02:00]} b5 {[%emt 0:00:43]} 36. gxf5+ {[%emt 0:01:06]} gxf5 {[%emt 0:00:05]} 37. Rg1 {[%emt 0:01:27]} a4 {[%emt 0:00:25]} 38. bxa4 {[%emt 0:01:38]} bxa4 {[%emt 0:00:23]} 39. Nb1 {[%emt 0:00:24]} Rg8 {[%emt 0:03:17]} 40. Kd2 {[%emt 0:06:12]} Rxc1 {[%emt 0:01:43]} 41. Rxc1 {[%emt 0:30:11]} Rg3 {[%emt 0:30:03]} 42. Rc3 {[%emt 0:00:38]} Rg2+ {[%emt 0:02:07]} 43. Kc1 {[%emt 0:00:58]} Rf2 {[%emt 0:02:39]} 44. Ra3 {[%emt 0:00:19]} Bb3 {[%emt 0:03:35]} 45. Nd2 {[%emt 0:00:34]} Kd5 {[%emt 0:00:21]} 46. Nxb3 {[%emt 0:00:36]} axb3 {[%emt 0:00:04]} 47. Rxb3 {[%emt 0:00:08]} Rxf4 {[%emt 0:00:33]} 48. Rb7 {[%emt 0:00:50]} Rh4 {[%emt 0:00:34]} 49. Rb5+ {[%emt 0:00:05]} Kxd4 {[%emt 0:00:05]} 50. Rxf5 {[%emt 0:00:04]} Rxh3 {[%emt 0:00:04]} 51. Rf8 {[%emt 0:00:27]} Kd3 {[%emt 0:00:07]} 52. Rd8+ {[%emt 0:00:15]} Ke2 {[%emt 0:00:07]} 53. Kc2 {[%emt 0:00:08]} e3 {[%emt 0:00:09]} 0-1

[Event "Czech-ch U18-20 Open 2022"]
[Site "Spindleruv Mlyn"]
[Date "2022.03.18"]
[Round "10.1"]
[White "Mica, Marek"]
[Black "Frank, Adam"]
[Result "1/2-1/2"]
[WhiteElo "2272"]
[BlackElo "2270"]
[Annotator "ChessBase"]
[PlyCount "26"]
[EventDate "2022.03.10"]
[EventType "tourn"]
[EventCountry "CZE"]
[SourceTitle "playchess.com"]
[Source "ChessBase"]
[SourceQuality "1"]
[TimeControl "40/5400+30:1800+30"]

1. Nf3 {[%emt 0:00:19]} g6 {[%emt 0:00:39]} 2. c4 {[%emt 0:00:26]} Bg7 {[%emt 0:00:18]} 3. g3 {[%emt 0:00:19]} Nf6 {[%emt 0:00:49]} 4. Bg2 {[%emt 0:00:53]} O-O {[%emt 0:01:01]} 5. d4 {[%emt 0:00:39]} d6 {[%emt 0:00:53]} 6. O-O {[%emt 0:01:00]} c5 {[%emt 0:04:59]} 7. Nc3 {[%emt 0:03:30]} Nc6 {[%emt 1:25:21]} 8. dxc5 {[%emt 0:03:05]} dxc5 {[%emt 0:00:00]} 9. Be3 {[%emt 0:05:29]} Qa5 {[%emt 0:00:00]} 10. Bd2 {[%emt 0:04:46]} Qd8 {[%emt 0:00:00]} 11. Be3 {[%emt 0:02:29]} Qa5 {[%emt 0:00:00]} 12. Bd2 {[%emt 0:01:04]} Qd8 {[%emt 0:00:00]} 13. Be3 {[%emt 0:00:49]} Qa5 {[%emt 0:00:00]} 1/2-1/2